Rubber thottangalil naasam vithachu Okhi chuzhalikkattu (Record no. 49486)

MARC details
000 -LEADER
fixed length control field 00381nam a2200157Ia 4500
100 ## - MAIN ENTRY--AUTHOR NAME
Personal name Abraham T
245 #0 - TITLE STATEMENT
Title Rubber thottangalil naasam vithachu Okhi chuzhalikkattu
260 ## - PUBLICATION, DISTRIBUTION, ETC. (IMPRINT)
Name of publisher Rubber
Year of publication 2018
300 ## - PHYSICAL DESCRIPTION
Number of Pages 13-15
650 ## - SUBJECT ADDED ENTRY--TOPICAL TERM
Topical Term Climate change
650 ## - SUBJECT ADDED ENTRY--TOPICAL TERM
Topical Term Okhi
700 ## - ADDED ENTRY--PERSONAL NAME
Personal name Jacob J
700 ## - ADDED ENTRY--PERSONAL NAME
Personal name Sathik M.B.M
942 ## - ADDED ENTRY ELEMENTS (KOHA)
Koha item type Bibliography STAF
Holdings
Withdrawn status Lost status Damaged status Not for loan Home library Current library Shelving location Date acquired Serial Enumeration / chronology Koha item type
      Bibliography RRII Library RRII Library Climate change 09/04/2014 Volume 623, Issue Feb Bibliography STAF